| 000 | 00739pam a2200253 a 4500 | ||
|---|---|---|---|
| 999 |
_c130502 _d130502 |
||
| 001 | 4680352 | ||
| 005 | 20201015121345.0 | ||
| 008 | 810821s1982 nyu 000 0 eng | ||
| 010 | _a 81043392 | ||
| 020 | _a0385174926 | ||
| 040 |
_aDLC _cDLC _dDLC |
||
| 050 | 0 | 0 |
_aHQ734 _b.B629 |
| 082 | 0 | 0 |
_a306.8 _219 |
| 100 | 1 |
_aBird, Joseph W. _949874 |
|
| 245 | 1 | 0 |
_aTo live as family : _ban experience of love and bonding / _cJoseph and Lois Bird. |
| 250 | _a1st ed. | ||
| 260 |
_aGarden City, N.Y. : _bDoubleday, _c1982. |
||
| 300 |
_a212 p. ; _c22 cm. |
||
| 650 | 0 |
_aFamilies. _912662 |
|
| 650 | 0 |
_aParenting. _942173 |
|
| 700 | 1 |
_aBird, Lois F. _949875 |
|
| 906 |
_a7 _bcbc _corignew _d1 _eocip _f19 _gy-gencatlg |
||
| 942 |
_2lcc _cMONOGRAPH |
||